オウム真理教関連事件 元死刑囚 - Statistics

General Stats
  • This quiz has been taken 24 times
  • The average score is 3 of 13
Answer Stats
最終役職 人名 % Correct
トップ 麻原彰晃松本智津夫
100%
諜報省長官 井上嘉浩
43%
第二厚生省大臣 土谷正実
38%
法皇内庁長官 中川智正
33%
第一厚生省大臣 遠藤誠一
29%
自治省大臣 新実智光
29%
建設省大臣 早川紀代秀
24%
科学技術省次官 林泰男
19%
なし 岡崎一明
5%
科学技術省次官 豊田亨
5%
自治省メンバー 端本悟
5%
科学技術省次官 広瀬健一
0%
科学技術省次官 横山真人
0%
No matching quizzes found
Score Distribution
Percent of People with Each Score
Percentile by Number Answered
Your Score History
You have not taken this quiz